[Event "Schachfestival 2020-Senioren"]
[Site "Bad Woerishofen"]
[Date "2020.03.07"]
[Round "2.1"]
[White "Andersen, Jens Knud"]
[Black "Goris, Ton"]
[Result "1/2-1/2"]
[WhiteElo "2151"]
[BlackElo "1926"]
[Annotator "chessorg"]
[PlyCount "44"]
[EventDate "2020.??.??"]
[WhiteTeam "SF Hamburg e.V. 1934"]

1. d4 e6 2. Nc3 d5 3. Bf4 Bd6 4. e3 Bxf4 5. exf4 Nf6 6. Bd3 b6 7. Nf3 Ba6 8.
Bxa6 Nxa6 9. Qd3 Nb8 10. Ne5 O-O 11. g4 Nfd7 12. h4 c5 13. Ne2 cxd4 14. Nxd4
Nxe5 15. fxe5 Qc7 16. f4 a6 17. O-O-O Nc6 18. g5 Rfc8 19. Rh2 Nxd4 20. Qxd4 Qc4
21. Kb1 Qxd4 22. Rxd4 Rc6 1/2-1/2

[Event "Schachfestival 2020-Senioren"]
[Site "Bad Woerishofen"]
[Date "2020.03.07"]
[Round "2.2"]
[White "Krasnopeyeva, Yuliya"]
[Black "Rubke, Manfred"]
[Result "1/2-1/2"]
[WhiteElo "1918"]
[BlackElo "2147"]
[PlyCount "72"]
[EventDate "2020.??.??"]
[WhiteTeam "TSV Schott Mainz"]
[BlackTeam "TSV Haunstetten"]

1. e4 d6 2. d4 Nf6 3. Nc3 c6 4. Be3 Qa5 5. Qd2 e5 6. f3 Be7 7. Nge2 b5 8. g4
Nbd7 9. d5 cxd5 10. Nxd5 Qxd2+ 11. Bxd2 Nxd5 12. exd5 Bb7 13. Nc3 a6 14. O-O-O
O-O 15. a3 Nb6 16. Be3 Nd7 17. Be2 Rac8 18. Kb1 Rfe8 19. Ne4 Nf6 20. Nc3 Red8
21. h4 h5 22. g5 Nd7 23. Rhg1 g6 24. Ne4 Nc5 25. Bf1 Nxe4 26. fxe4 Rf8 27. Bd3
Rb8 28. Ba7 Ra8 29. Be3 Bc8 30. Be2 Bd7 31. Rc1 Rfb8 32. Bd2 a5 33. b3 Bd8 34.
Rgf1 Kg7 35. Rf2 Ra7 36. Rcf1 Bh3 1/2-1/2

[Event "Schachfestival 2020-Senioren"]
[Site "Bad Woerishofen"]
[Date "2020.03.07"]
[Round "2.10"]
[White "Pfitzer, Norbert"]
[Black "Krotofil, Kurt"]
[Result "1-0"]
[WhiteElo "2082"]
[BlackElo "1874"]
[PlyCount "79"]
[EventDate "2020.??.??"]
[WhiteTeam "SV Backnang"]
[BlackTeam "Niendorfer TSV 1919 SAbt"]

1. Nf3 d5 2. d4 Nf6 3. g3 e6 4. Bg2 c5 5. O-O Bd6 6. c4 cxd4 7. Nxd4 Be7 8. Nc3
e5 9. Nf3 d4 10. Nb1 Nc6 11. Nbd2 O-O 12. a3 a5 13. b3 Bf5 14. Nh4 Be6 15. Bb2
Nd7 16. Nhf3 f5 17. Qc2 Nc5 18. Rad1 e4 19. Nxe4 fxe4 20. Nxd4 Nxd4 21. Bxd4
Qc7 22. b4 axb4 23. axb4 Na6 24. Qxe4 Bxc4 25. Bc5 Bxc5 26. Qxc4+ Kh8 27. bxc5
Qxc5 28. Qb3 Rab8 29. Rd3 b5 30. Qb2 Rf6 31. e4 b4 32. Rc1 Qb5 33. Rd5 Qb6 34.
e5 Rf7 35. Rd6 Qa7 36. Ra1 Rbf8 37. Rdxa6 Rxf2 38. Rxa7 Rxb2 39. e6 g6 40. e7
1-0

[Event "Schachfestival 2020-Senioren"]
[Site "Bad Woerishofen"]
[Date "2020.03.07"]
[Round "2.12"]
[White "Bauer, Wolfgang"]
[Black "Heppell, Ian"]
[Result "1/2-1/2"]
[WhiteElo "1872"]
[BlackElo "2029"]
[Annotator "chessorg"]
[PlyCount "32"]
[EventDate "2020.??.??"]
[WhiteTeam "SC Dillingen"]
[BlackTeam "Wimbledon"]

1. Nf3 d6 2. d4 f5 3. g3 Nf6 4. Bg2 g6 5. O-O Bg7 6. c4 O-O 7. Nc3 Qe8 8. d5
Na6 9. Nd4 Bd7 10. Rb1 c6 11. b4 Nxb4 12. Nxf5 gxf5 13. Rxb4 Rb8 14. Qb3 Qc8
15. dxc6 bxc6 16. Bd2 Rxb4 1/2-1/2

[Event "Schachfestival 2020-Senioren"]
[Site "Bad Woerishofen"]
[Date "2020.03.07"]
[Round "2.15"]
[White "Walther, Reinhard"]
[Black "Blosze, Winfried"]
[Result "1-0"]
[WhiteElo "2019"]
[BlackElo "1839"]
[Annotator "chessorg"]
[PlyCount "57"]
[EventDate "2020.??.??"]
[WhiteTeam "SK 1911 Herzogenaurach e.V."]
[BlackTeam "SV Koenigsspringer 1929 GroÃŸauheim"]

1. d4 d5 2. Bf4 e6 3. e3 Bd6 4. Bg3 h5 5. Nf3 Bd7 6. Nbd2 Qe7 7. Bd3 Nc6 8. Ne5
Bxe5 9. Bxe5 Nxe5 10. dxe5 O-O-O 11. Qe2 Qb4 12. O-O Nh6 13. Nf3 f6 14. c3 Qe7
15. a4 Nf7 16. b4 fxe5 17. e4 g5 18. b5 g4 19. Nd2 Ng5 20. a5 c5 21. b6 Bc6 22.
bxa7 Kd7 23. a6 Ra8 24. axb7 Bxb7 25. Rfb1 Kc8 26. Ba6 Nh3+ 27. gxh3 gxh3 28.
Bxb7+ Kd8 29. Kh1 1-0

[Event "Schachfestival 2020-Senioren"]
[Site "Bad Woerishofen"]
[Date "2020.03.07"]
[Round "2.16"]
[White "Neumann, Erwin"]
[Black "Halli, Gerhard"]
[Result "0-1"]
[WhiteElo "1835"]
[BlackElo "1970"]
[PlyCount "100"]
[EventDate "2020.??.??"]
[BlackTeam "SK 1947 Sandhausen e.V."]

1. e4 d5 2. exd5 Qxd5 3. Nf3 Nf6 4. d4 c6 5. Be2 Bf5 6. O-O e6 7. c4 Qa5 8.
Nbd2 Nbd7 9. Nb3 Qc7 10. Be3 Bd6 11. g3 Bh3 12. c5 Bxf1 13. cxd6 Bxe2 14. dxc7
Bxd1 15. Rxd1 Nd5 16. Na5 Nxc7 17. Nxb7 Rb8 18. Nd6+ Ke7 19. Nc4 Nd5 20. Bc1 f6
21. b3 N7b6 22. Ba3+ Kd7 23. Nd6 Nc3 24. Re1 Nb5 25. Nxb5 cxb5 26. Nd2 Nd5 27.
Ne4 b4 28. Nc5+ Kc8 29. Bb2 Re8 30. f4 Nc7 31. g4 Rb6 32. a4 Kd8 33. a5 Rb5 34.
a6 Rb6 35. Ra1 Ke7 36. Kf2 Rd8 37. Kf3 Rdd6 38. Ra4 Rdc6 39. Ke4 Nxa6 40. Nxa6
Rxa6 41. Rxb4 Rcb6 42. Bc3 Kd7 43. h4 Ra3 44. Rxb6 axb6 45. Bb4 Rxb3 46. Bf8 g6
47. f5 gxf5+ 48. gxf5 Rh3 49. Bh6 Rxh4+ 50. Bf4 exf5+ 0-1

[Event "Schachfestival 2020-Senioren"]
[Site "Bad Woerishofen"]
[Date "2020.03.07"]
[Round "2.18"]
[White "Bausch, Jean"]
[Black "Gerl, Hans"]
[Result "0-1"]
[WhiteElo "1733"]
[BlackElo "1947"]
[PlyCount "40"]
[EventDate "2020.??.??"]
[WhiteTeam "SC Unterhaching e.V."]
[BlackTeam "SGem 1882 Fuerth"]

1. d4 Nf6 2. c4 e6 3. Nf3 b6 4. g3 Bb7 5. Bg2 Be7 6. O-O O-O 7. Nc3 d5 8. cxd5
exd5 9. Bd2 Nbd7 10. Qc2 c5 11. Rac1 a6 12. e3 c4 13. Rfe1 b5 14. a3 Bd6 15.
Re2 Re8 16. Rce1 Bc6 17. Bc1 a5 18. Rd2 b4 19. Ne2 g6 20. Rdd1 Nb6 0-1

[Event "Schachfestival 2020-Senioren"]
[Site "Bad Woerishofen"]
[Date "2020.03.07"]
[Round "2.24"]
[White "Hackbarth, Christa"]
[Black "Eichler, Gottfried"]
[Result "1/2-1/2"]
[WhiteElo "1798"]
[BlackElo "2020"]
[Annotator "chessorg"]
[PlyCount "34"]
[EventDate "2020.??.??"]
[WhiteTeam "SC Rottal-Inn"]
[BlackTeam "SV Bad Bevensen"]

1. d4 f5 2. Bf4 Nf6 3. e3 e6 4. Nf3 Be7 5. h3 b6 6. c4 Bb7 7. Nc3 O-O 8. Bd3
Ne4 9. Bxe4 fxe4 10. Nd2 d5 11. Nb5 Na6 12. a3 c6 13. Nc3 c5 14. cxd5 exd5 15.
Nb3 c4 16. Nd2 Bd6 17. Bxd6 Qxd6 1/2-1/2

[Event "Schachfestival 2020-Senioren"]
[Site "Bad Woerishofen"]
[Date "2020.03.07"]
[Round "2.25"]
[White "Zschorsch, Peter"]
[Black "Simons, Dirk"]
[Result "1/2-1/2"]
[WhiteElo "1755"]
[BlackElo "2018"]
[Annotator "chessorg"]
[PlyCount "35"]
[EventDate "2020.??.??"]
[WhiteTeam "Karlsruher SF 1853"]
[BlackTeam "Schachklub Sachsenheim"]

1. e4 c6 2. d4 d5 3. Nd2 dxe4 4. Nxe4 Nd7 5. c3 Ngf6 6. Ng3 e6 7. Nf3 Be7 8.
Bd3 O-O 9. O-O c5 10. Re1 Re8 11. Bg5 h6 12. Bxf6 Bxf6 13. Ne4 cxd4 14. Nxf6+
Qxf6 15. Nxd4 a6 16. Qh5 Qg5 17. Qxg5 hxg5 18. Rad1 1/2-1/2

[Event "Schachfestival 2020-Senioren"]
[Site "Bad Woerishofen"]
[Date "2020.03.07"]
[Round "2.27"]
[White "Schmieder, Siegfried"]
[Black "Flockerzi, Armin"]
[Result "1-0"]
[WhiteElo "1978"]
[BlackElo "1707"]
[PlyCount "55"]
[EventDate "2020.??.??"]
[BlackTeam "VfR-SC Koblenz"]

1. e4 e5 2. Nc3 d6 3. f4 exf4 4. Nf3 Nf6 5. d4 Be7 6. Bxf4 Bg4 7. h3 Bd7 8. Bc4
O-O 9. Qd2 c6 10. O-O b5 11. Bd3 Nh5 12. Bh2 g6 13. g4 Ng7 14. e5 d5 15. Bf4
Be6 16. Bh6 Nd7 17. Ne2 Re8 18. Rf2 f5 19. Nf4 Bg5 20. Nxg5 fxg4 21. Nfxe6 Nxe6
22. hxg4 Nxd4 23. Bxg6 hxg6 24. Qxd4 Nxe5 25. Raf1 Qd7 26. Rf7 Qxg4+ 27. Qxg4
Nxg4 28. Rg7+ 1-0

[Event "Schachfestival 2020-Senioren"]
[Site "Bad Woerishofen"]
[Date "2020.03.07"]
[Round "2.28"]
[White "Sand, Rolf"]
[Black "Schnell, Franz"]
[Result "1/2-1/2"]
[WhiteElo "1962"]
[BlackElo "1730"]
[Annotator "chessorg"]
[PlyCount "46"]
[EventDate "2020.??.??"]
[WhiteTeam "SF Pfullingen"]
[BlackTeam "SV Trossingen"]

1. d4 d5 2. c4 Bf5 3. cxd5 Bxb1 4. Qa4+ c6 5. dxc6 Nxc6 6. Rxb1 Qxd4 7. Qxd4
Nxd4 8. e3 Nc2+ 9. Kd1 Nb4 10. a3 O-O-O+ 11. Bd2 Nd5 12. Nf3 e6 13. Bc4 Nh6 14.
Ke2 Be7 15. Rbc1 Kb8 16. Rhd1 Bf6 17. Rc2 Rc8 18. Rdc1 Nb6 19. Bc3 Bxc3 20.
Rxc3 Nxc4 21. Rxc4 Rxc4 22. Rxc4 Rc8 23. Rxc8+ Kxc8 1/2-1/2

[Event "Schachfestival 2020-Senioren"]
[Site "Bad Woerishofen"]
[Date "2020.03.07"]
[Round "2.35"]
[White "Cleve-Prinz, Wolfgang"]
[Black "Wacker, Manfred"]
[Result "1-0"]
[WhiteElo "1948"]
[BlackElo "1706"]
[Annotator "chessorg"]
[PlyCount "71"]
[EventDate "2020.??.??"]
[WhiteTeam "SK Altenkirchen"]
[BlackTeam "SC Lambsheim"]

1. Nf3 Nf6 2. c4 c5 3. Nc3 e6 4. d4 cxd4 5. Nxd4 Nc6 6. g3 a6 7. Bg2 Bc5 8. Nc2
O-O 9. O-O Ra7 10. a3 b6 11. Na4 Bb7 12. Nxc5 bxc5 13. Be3 d6 14. b4 Nd4 15.
Nxd4 Bxg2 16. Kxg2 cxd4 17. Bxd4 Rd7 18. Bxf6 Qxf6 19. Qa4 Ra7 20. Rac1 Qd4 21.
Qc2 h5 22. Rfd1 Qb6 23. Qe4 Rd8 24. h4 Rad7 25. c5 dxc5 26. Rxd7 Rxd7 27. Rxc5
g6 28. Qc6 Qb7 29. Qxb7 Rxb7 30. Kf3 Kf8 31. Ke4 Ke7 32. Kd4 Kd6 33. e4 Rc7 34.
e5+ Kd7 35. Rxc7+ Kxc7 36. Kc5 1-0

[Event "Schachfestival 2020-Senioren"]
[Site "Bad Woerishofen"]
[Date "2020.03.07"]
[Round "2.36"]
[White "Kumeth, Hartmut"]
[Black "Harsch, Martin"]
[Result "0-1"]
[WhiteElo "1700"]
[BlackElo "1944"]
[Annotator "chessorg"]
[PlyCount "54"]
[EventDate "2020.??.??"]
[WhiteTeam "SK Union Oldenburg"]
[BlackTeam "SK Saanenland"]

1. d4 Nf6 2. Nf3 d5 3. g3 c6 4. Bg2 Bg4 5. h3 Bh5 6. c3 e6 7. Qb3 Qb6 8. Qxb6
axb6 9. O-O Bd6 10. Be3 h6 11. Nbd2 Nbd7 12. a3 O-O 13. Rfc1 b5 14. g4 Bg6 15.
Nh4 Bh7 16. f4 Be7 17. Nhf3 Nb6 18. Ne5 Na4 19. b4 Nb6 20. Nb3 Ne4 21. Bxe4
Bxe4 22. Nc5 Rfb8 23. Nxe4 dxe4 24. g5 Nd5 25. Kf2 hxg5 26. Bd2 gxf4 27. e3
fxe3+ 0-1

[Event "Schachfestival 2020-Senioren"]
[Site "Bad Woerishofen"]
[Date "2020.03.07"]
[Round "3.1"]
[White "Halli, Gerhard"]
[Black "Chan, Peng Kong"]
[Result "1/2-1/2"]
[WhiteElo "1970"]
[BlackElo "2142"]
[Annotator "chessorg"]
[PlyCount "51"]
[EventDate "2020.??.??"]
[WhiteTeam "SK 1947 Sandhausen e.V."]

1. d4 Nf6 2. Bg5 e6 3. e4 h6 4. Bxf6 Qxf6 5. c3 d6 6. Bd3 g6 7. Ne2 Bg7 8. O-O
e5 9. Nd2 O-O 10. d5 Qe7 11. b4 f5 12. f3 f4 13. Nb3 Nd7 14. c4 g5 15. Nc3 Nf6
16. Be2 h5 17. h3 g4 18. hxg4 hxg4 19. fxg4 Nh7 20. Bf3 Rf7 21. Kf2 Qh4+ 22.
Ke2 Bxg4 23. Qe1 Qg5 24. Rh1 Bf6 25. Qf2 Nf8 26. Rh2 1/2-1/2

[Event "Schachfestival 2020-Senioren"]
[Site "Bad Woerishofen"]
[Date "2020.03.07"]
[Round "3.2"]
[White "Wagner, Franz"]
[Black "Daeubler, Heinrich"]
[Result "0-1"]
[WhiteElo "1959"]
[BlackElo "2127"]
[PlyCount "52"]
[EventDate "2020.??.??"]
[WhiteTeam "Spgem Koetz/Ichenhausen"]
[BlackTeam "S Haselmuehl Amberg"]

1. e4 g6 2. Nf3 Bg7 3. d4 d6 4. Be3 a6 5. Be2 Nd7 6. O-O c5 7. c3 b6 8. Qc2 Bb7
9. a4 Qc7 10. d5 Ngf6 11. Na3 O-O 12. Rfd1 e6 13. dxe6 fxe6 14. Ng5 Rae8 15. f3
d5 16. exd5 exd5 17. Bf2 Qe5 18. Bd3 Qxg5 19. Re1 Ne5 20. f4 Nf3+ 21. Kh1 Nxe1
22. Bxe1 Qxf4 23. Bg3 Qe3 24. Bf2 Qg5 25. h4 Qg4 26. Rf1 c4 0-1

[Event "Schachfestival 2020-Senioren"]
[Site "Bad Woerishofen"]
[Date "2020.03.07"]
[Round "3.3"]
[White "Norman, Kenneth"]
[Black "Bohnstorff, Michael"]
[Result "1/2-1/2"]
[WhiteElo "2110"]
[BlackElo "2026"]
[Annotator "chessorg"]
[PlyCount "57"]
[EventDate "2020.??.??"]
[BlackTeam "SC Turm Lueneburg e.V."]

1. Nf3 d5 2. g3 Nf6 3. Bg2 Nbd7 4. d4 Ne4 5. O-O g6 6. c4 c6 7. cxd5 cxd5 8.
Qb3 e6 9. Nc3 Nd6 10. Bf4 Qb6 11. Qxb6 Nxb6 12. Be5 Rg8 13. Ng5 Nd7 14. Nxh7
Be7 15. Bxd6 Bxd6 16. Ng5 Nb6 17. e4 Be7 18. Nf3 dxe4 19. Nxe4 Nd5 20. Ne5 Bd7
21. Rac1 f6 22. Nxd7 Kxd7 23. Nc5+ Bxc5 24. Rxc5 Kd6 25. Bxd5 exd5 26. Re1 Rge8
27. Kf1 g5 28. Rc3 Rxe1+ 29. Kxe1 1/2-1/2

[Event "Schachfestival 2020-Senioren"]
[Site "Bad Woerishofen"]
[Date "2020.03.07"]
[Round "3.6"]
[White "Gerl, Hans"]
[Black "Pfitzer, Norbert"]
[Result "1/2-1/2"]
[WhiteElo "1947"]
[BlackElo "2082"]
[Annotator "chessorg"]
[PlyCount "55"]
[EventDate "2020.??.??"]
[WhiteTeam "SGem 1882 Fuerth"]
[BlackTeam "SV Backnang"]

1. d4 Nf6 2. c4 g6 3. Nc3 Bg7 4. e4 d6 5. f3 O-O 6. Be3 Nc6 7. Bd3 e5 8. d5 Nd4
9. Nge2 Nh5 10. Qd2 f5 11. O-O-O f4 12. Bf2 c5 13. dxc6 bxc6 14. Bc2 c5 15.
Nxd4 cxd4 16. Nd5 Bd7 17. Qe2 Qa5 18. Bb3 Qc5 19. g4 Nf6 20. Kb1 Nxd5 21. cxd5
Bb5 22. Qd2 Rfc8 23. Rc1 Qb6 24. Rxc8+ Rxc8 25. Rc1 Rc5 26. Rxc5 Qxc5 27. Bc2
Bd7 28. Bd3 1/2-1/2

[Event "Schachfestival 2020-Senioren"]
[Site "Bad Woerishofen"]
[Date "2020.03.07"]
[Round "3.7"]
[White "Hahn, Volker"]
[Black "Rahn, Oskar"]
[Result "1/2-1/2"]
[WhiteElo "1813"]
[BlackElo "2024"]
[Annotator "chessorg"]
[PlyCount "39"]
[EventDate "2020.??.??"]
[WhiteTeam "DBSB"]
[BlackTeam "SK Frankenthal"]

1. d4 d5 2. Nf3 Nf6 3. e3 g6 4. c4 c6 5. Nc3 Bg7 6. cxd5 cxd5 7. Bb5+ Bd7 8.
Bxd7+ Nbxd7 9. Qb3 Nb6 10. Ne5 O-O 11. a4 a5 12. O-O e6 13. Qb5 Ne8 14. b3 Nd6
15. Qd3 f6 16. Nf3 Rf7 17. Bb2 Bf8 18. Rfc1 Nbc8 19. Rc2 Na7 20. Ba3 1/2-1/2

[Event "Schachfestival 2020-Senioren"]
[Site "Bad Woerishofen"]
[Date "2020.03.07"]
[Round "3.9"]
[White "Andersen, Jens Knud"]
[Black "Plischke, Berthold"]
[Result "1-0"]
[WhiteElo "2151"]
[BlackElo "1935"]
[Annotator "chessorg"]
[PlyCount "65"]
[EventDate "2020.??.??"]
[WhiteTeam "SF Hamburg e.V. 1934"]
[BlackTeam "SV Wesel 1928 e.V."]

1. d4 Nf6 2. Nc3 d5 3. Bf4 Bf5 4. f3 e6 5. g4 Bg6 6. h4 h6 7. e3 c5 8. Nb5 Na6
9. c3 Qb6 10. a4 Be7 11. Bd3 Bxd3 12. Qxd3 cxd4 13. exd4 O-O 14. Ne2 Nd7 15.
Ng3 e5 16. dxe5 Ndc5 17. Qe2 Ne6 18. Bd2 f6 19. Nf5 Bc5 20. b4 Rae8 21. bxc5
Naxc5 22. O-O a6 23. Nbd6 Rd8 24. Ne7+ Kh7 25. Nxd5 Qa7 26. Be3 fxe5 27. Rad1
Rxd6 28. Nf6+ Rxf6 29. Rxd6 Nf4 30. Qc2+ Kg8 31. Rxf6 gxf6 32. Rd1 b6 33. Bxf4
1-0

[Event "Schachfestival 2020-Senioren"]
[Site "Bad Woerishofen"]
[Date "2020.03.07"]
[Round "3.10"]
[White "Rubke, Manfred"]
[Black "Braeu, Wolfgang"]
[Result "1-0"]
[WhiteElo "2147"]
[BlackElo "1938"]
[PlyCount "55"]
[EventDate "2020.??.??"]
[WhiteTeam "TSV Haunstetten"]

1. c4 g6 2. e4 Bg7 3. d4 d6 4. Nc3 Nd7 5. f4 e6 6. Nf3 Ne7 7. Be3 d5 8. e5 c6
9. cxd5 Nxd5 10. Nxd5 cxd5 11. Bd3 O-O 12. O-O Nb8 13. g4 Nc6 14. Rc1 Qb6 15.
Qd2 Bd7 16. Rc3 a5 17. Kh1 Rfc8 18. f5 exf5 19. gxf5 Bxf5 20. Bxf5 gxf5 21. Bh6
Ne7 22. Bxg7 Kxg7 23. Rg1+ Ng6 24. Nh4 Kh8 25. Nxf5 Qe6 26. Rf3 f6 27. Qh6 Rg8
28. Qxh7+ 1-0

[Event "Schachfestival 2020-Senioren"]
[Site "Bad Woerishofen"]
[Date "2020.03.07"]
[Round "3.14"]
[White "Keller, Harald"]
[Black "McAndrew, Robert"]
[Result "1/2-1/2"]
[WhiteElo "2024"]
[BlackElo "1867"]
[Annotator "chessorg"]
[PlyCount "42"]
[EventDate "2020.??.??"]
[WhiteTeam "SV Rottweil"]
[BlackTeam "Gambit Bonnevoie"]

1. e4 e6 2. d4 d5 3. Nc3 Bb4 4. e5 b6 5. a3 Bxc3+ 6. bxc3 Ne7 7. f4 Nbc6 8. Bd3
Nf5 9. Nf3 Bb7 10. O-O g6 11. Qe2 Qd7 12. a4 Na5 13. Ba3 Nc4 14. Bc1 a5 15. g4
Ng7 16. Nd2 O-O-O 17. Nxc4 dxc4 18. Be4 Bd5 19. Qf3 h5 20. g5 Nf5 21. Bxd5 Qxd5
1/2-1/2

[Event "Schachfestival 2020-Senioren"]
[Site "Bad Woerishofen"]
[Date "2020.03.07"]
[Round "3.16"]
[White "Bauer, Wolfgang"]
[Black "Schmieder, Siegfried"]
[Result "1/2-1/2"]
[WhiteElo "1872"]
[BlackElo "1978"]
[PlyCount "40"]
[EventDate "2020.??.??"]
[WhiteTeam "SC Dillingen"]

1. Nf3 d6 2. d4 f5 3. g3 g6 4. Bg2 Bg7 5. O-O Nf6 6. c4 O-O 7. Nc3 Qe8 8. d5 a5
9. Nd4 c6 10. Rb1 e5 11. dxe6 Qe7 12. Bf4 Rd8 13. e4 fxe4 14. Nxe4 Nxe4 15.
Bxe4 Bxe6 16. Nxe6 Qxe6 17. Bc2 Na6 18. Re1 Qf6 19. Qg4 Re8 20. Qd7 Rad8
1/2-1/2

[Event "Schachfestival 2020-Senioren"]
[Site "Bad Woerishofen"]
[Date "2020.03.07"]
[Round "3.24"]
[White "Trefzer, Erhard"]
[Black "Mahrla, Hans"]
[Result "1/2-1/2"]
[WhiteElo "1907"]
[BlackElo "1767"]
[Annotator "chessorg"]
[PlyCount "29"]
[EventDate "2020.??.??"]
[WhiteTeam "SV Besigheim"]
[BlackTeam "SC Eichenau"]

1. d4 e6 2. g3 Nf6 3. Bg2 d5 4. Nd2 c5 5. c3 cxd4 6. cxd4 Nc6 7. Ngf3 Bd7 8.
O-O Bd6 9. Re1 O-O 10. a3 Rc8 11. b4 Qb6 12. Nb3 a5 13. bxa5 Nxa5 14. Nxa5 Qxa5
15. Bd2 1/2-1/2

[Event "Schachfestival 2020-Senioren"]
[Site "Bad Woerishofen"]
[Date "2020.03.07"]
[Round "3.31"]
[White "Speicher, Franz"]
[Black "Bausch, Jean"]
[Result "1-0"]
[WhiteElo "1869"]
[BlackElo "1733"]
[PlyCount "51"]
[EventDate "2020.??.??"]
[WhiteTeam "Dicker Turm Esslingen"]
[BlackTeam "SC Unterhaching e.V."]

1. d4 Nf6 2. Bg5 e6 3. e4 Be7 4. e5 Nd5 5. Bxe7 Nxe7 6. Bd3 Nbc6 7. Nf3 h6 8.
c4 Nf5 9. Bxf5 exf5 10. O-O O-O 11. Nc3 d6 12. exd6 Qxd6 13. Nb5 Qd8 14. d5 Ne7
15. Qd4 a6 16. Nc3 b6 17. Rfe1 Re8 18. Rad1 Qd6 19. Ne2 Bb7 20. Nf4 g6 21. Ne5
Rad8 22. Nxf7 Kxf7 23. Re6 Qd7 24. Qf6+ Kg8 25. Nxg6 Nxg6 26. Qxg6+ 1-0

[Event "Schachfestival 2020-Senioren"]
[Site "Bad Woerishofen"]
[Date "2020.03.07"]
[Round "3.32"]
[White "Kurze, Brigitte"]
[Black "Koenigl, Anton"]
[Result "0-1"]
[WhiteElo "1186"]
[BlackElo "1858"]
[Annotator "chessorg"]
[PlyCount "70"]
[EventDate "2020.??.??"]
[WhiteTeam "SF Geilenkirchen 1984"]
[BlackTeam "FC Ergolding 1932 e.V."]

1. d4 Nf6 2. c4 g6 3. Nf3 d6 4. e3 Bg7 5. Bd3 O-O 6. O-O Nc6 7. h3 e5 8. Bc2
Ne8 9. d5 Ne7 10. e4 f5 11. Nbd2 Nf6 12. Ng5 f4 13. Ndf3 h6 14. Ne6 Bxe6 15.
dxe6 Qc8 16. Bb3 Nxe4 17. Qc2 Nc5 18. Nh4 Qxe6 19. Bd2 Qf6 20. Bc3 Qxh4 21. f3
Nf5 22. Bd2 Kh7 23. Qc3 Nxb3 24. Qxb3 b6 25. Be1 Qg5 26. Bf2 Nh4 27. Bxh4 Qxh4
28. Qc2 Rf5 29. Qe4 Raf8 30. Kh2 Rg5 31. Rg1 Qg3+ 32. Kh1 Rh5 33. Qe2 e4 34.
Qxe4 Rxh3+ 35. gxh3 Qxh3# 0-1

[Event "Schachfestival 2020-Senioren"]
[Site "Bad Woerishofen"]
[Date "2020.03.09"]
[Round "4.2"]
[White "Walther, Reinhard"]
[Black "Rubke, Manfred"]
[Result "0-1"]
[WhiteElo "2019"]
[BlackElo "2147"]
[Annotator "chessorg"]
[PlyCount "44"]
[EventDate "2020.??.??"]
[WhiteTeam "SK 1911 Herzogenaurach e.V."]
[BlackTeam "TSV Haunstetten"]

1. d4 d5 2. Bf4 Bf5 3. c4 e6 4. Nc3 Nf6 5. e3 Bd6 6. Bxd6 Qxd6 7. c5 Qe7 8. Nf3
c6 9. Ne5 Nbd7 10. f4 Nxe5 11. fxe5 Ne4 12. Nxe4 Bxe4 13. Qg4 O-O 14. Be2 f6
15. exf6 Rxf6 16. Bf3 Bxf3 17. gxf3 e5 18. O-O-O exd4 19. Qxd4 Rxf3 20. Rde1
Re8 21. Kd2 Qe4 22. Rhg1 Rf2+ 0-1

[Event "Schachfestival 2020-Senioren"]
[Site "Bad Woerishofen"]
[Date "2020.03.09"]
[Round "4.10"]
[White "Cabrera, Elmo"]
[Black "Babar, Michael"]
[Result "0-1"]
[WhiteElo "1878"]
[BlackElo "2099"]
[Annotator "chessorg"]
[PlyCount "58"]
[EventDate "2020.??.??"]
[WhiteTeam "SK Tarrasch 1945 Muenchen"]
[BlackTeam "Schachclub Hansa Dortmund e.V."]

1. Nf3 d6 2. g3 g6 3. Bg2 Bg7 4. O-O e5 5. e4 Nc6 6. h3 Nf6 7. Re1 O-O 8. c3
Re8 9. d3 h6 10. c4 a6 11. Nc3 Kh7 12. Be3 Rb8 13. a4 a5 14. Nb5 Nb4 15. Ra3 b6
16. Bd2 c6 17. Nc3 Nxd3 18. Qc2 Nxe1 19. Nxe1 Be6 20. Qd3 Qc7 21. Nc2 Nd7 22.
Be3 Nc5 23. Qe2 Qd7 24. Kh2 f5 25. f3 Qf7 26. b3 Nxb3 27. exf5 gxf5 28. Qf2
Bxc4 29. h4 d5 0-1

[Event "Schachfestival 2020-Senioren"]
[Site "Bad Woerishofen"]
[Date "2020.03.09"]
[Round "4.11"]
[White "Schrems, Hermann"]
[Black "Hoebarth, Guenter"]
[Result "1-0"]
[WhiteElo "2090"]
[BlackElo "1889"]
[Annotator "chessorg"]
[PlyCount "63"]
[EventDate "2020.??.??"]
[WhiteTeam "SC Emmendingen 1937 e.V."]
[BlackTeam "POEchlarn"]

1. d4 d5 2. c4 Nc6 3. cxd5 Qxd5 4. Nf3 e5 5. Nc3 Bb4 6. a3 Bxc3+ 7. bxc3 e4 8.
Nd2 e3 9. fxe3 Nf6 10. Qb3 Qf5 11. Nf3 O-O 12. g3 Be6 13. Qb1 Qg4 14. Bg2 Bd5
15. O-O Rfe8 16. c4 Be4 17. Qb3 Rad8 18. Bb2 Qh5 19. d5 Na5 20. Qc3 b6 21. Nh4
Rd6 22. Bf3 Qg5 23. Ng2 Nb7 24. a4 Nc5 25. a5 Ng4 26. h4 Qh6 27. Bxg4 Bxg2 28.
Kxg2 Rxe3 29. axb6 cxb6 30. Rxa7 Re8 31. Rfxf7 Rg6 32. Rxg7+ 1-0

[Event "Schachfestival 2020-Senioren"]
[Site "Bad Woerishofen"]
[Date "2020.03.09"]
[Round "4.13"]
[White "Esswein, Karlheinz"]
[Black "Bauer, Wolfgang"]
[Result "1-0"]
[WhiteElo "2033"]
[BlackElo "1872"]
[Annotator "chessorg"]
[PlyCount "53"]
[EventDate "2020.??.??"]
[WhiteTeam "Schachclub Ludwigshafen 1912"]
[BlackTeam "SC Dillingen"]

1. e4 c5 2. Ne2 Nc6 3. g3 g6 4. Bg2 Bg7 5. O-O e6 6. c3 Nge7 7. d4 cxd4 8. cxd4
d5 9. e5 Qb6 10. Na3 O-O 11. Nc2 f6 12. exf6 Bxf6 13. b3 Nf5 14. Bb2 Bd7 15.
Qd2 Rad8 16. Rad1 Be8 17. Rfe1 Bf7 18. Ne3 Nxe3 19. Qxe3 e5 20. dxe5 Qxe3 21.
fxe3 Nxe5 22. Nf4 Ng4 23. Ba3 Rfe8 24. Nxd5 Rxd5 25. Bxd5 Bxd5 26. Rxd5 Ne5 27.
Re2 1-0

[Event "Schachfestival 2020-Senioren"]
[Site "Bad Woerishofen"]
[Date "2020.03.09"]
[Round "4.18"]
[White "Schmieder, Siegfried"]
[Black "Speicher, Franz"]
[Result "1-0"]
[WhiteElo "1978"]
[BlackElo "1869"]
[Annotator "chessorg"]
[PlyCount "42"]
[EventDate "2020.??.??"]
[BlackTeam "Dicker Turm Esslingen"]

1. e4 c6 2. d4 d5 3. f3 dxe4 4. fxe4 e5 5. Nf3 Bg4 6. Bc4 Nd7 7. O-O Ngf6 8.
Bg5 Bd6 9. c3 O-O 10. Nbd2 Qc7 11. Qe1 b5 12. Bb3 exd4 13. cxd4 Rae8 14. e5 Qb6
15. Kh1 h6 16. Qh4 hxg5 17. Nxg5 Bxe5 18. Nde4 Bh5 19. Nxf6+ Nxf6 20. Rxf6 Bxf6
21. Qxh5 Bxg5 1-0

[Event "Schachfestival 2020-Senioren"]
[Site "Bad Woerishofen"]
[Date "2020.03.09"]
[Round "4.35"]
[White "Meinke, Dietlind"]
[Black "Schnell, Franz"]
[Result "1-0"]
[WhiteElo "1886"]
[BlackElo "1730"]
[Annotator "chessorg"]
[PlyCount "47"]
[EventDate "2020.??.??"]
[BlackTeam "SV Trossingen"]

1. e4 d5 2. exd5 Nf6 3. Bb5+ Bd7 4. Bc4 c6 5. dxc6 Bxc6 6. Nf3 e6 7. Nc3 a6 8.
a3 Qc7 9. d3 Be7 10. h3 Nbd7 11. O-O O-O 12. Nd4 Nb6 13. Nxc6 Qxc6 14. Bb3 h6
15. Re1 Bd6 16. Ne4 Nxe4 17. Rxe4 Rad8 18. Qh5 Nd5 19. Rg4 Kh7 20. Rc4 Nf6 21.
Qh4 Qd7 22. Bxh6 Ng8 23. Bxg7+ Kxg7 24. Rg4# 1-0